000 00752nam a2200217 a 4500
001 000027189
005 20200930030647.0
008 090717t1996 dr acd r 000 0 spa d
040 _aDO-SdBNP
_bspa
_cBNPHU
082 _a636.9322
_bS572c
100 1 _aSierra Sánchez, Wilinton A.,
_d1962-
_954250
245 1 0 _aCrianza, razas, consumo y rentabilidad del conejo /
_cWilinton A. Sierra Sánchez.
260 _aSanto Domingo :
_bCorripio,
_c1996.
300 _a155 p. :
_bil., retrs., tabls. ;
_c23 cm.
504 _aBibliografía : p. 155.
590 _aInventariado, 2018/BT
650 4 _aCunicultura
_zRepública Dominicana
_954251
650 4 _aCría de animales
_91547
650 4 _aConejos
_941153
910 _aValidado. Control de la calidad. EMS
999 _c26681
_d26681